| 000 | 00450pab a2200169 454500 | ||
|---|---|---|---|
| 008 | 180718b2017 xxu||||| |||| 00| 0 eng d | ||
| 100 | _aImam, Rabab | ||
| 245 | _aMigration crisis and right-wing extremism in the west: a critical challenge to globalisation | ||
| 260 | _c2017 | ||
| 300 | _ap.1-12. | ||
| 362 | _aJan-Mar | ||
| 650 | _aGlobalization | ||
| 650 | _aMigration | ||
| 700 | _aRakesh S. | ||
| 773 | _aSocial Action | ||
| 909 | _a113890 | ||
| 999 |
_c113884 _d113884 |
||